000 00677nam a2200217 4500
003 OSt
005 20240726045755.0
006 a
008 240726b |||||||| |||| 00| 0 eng d
020 _a9710489763
040 _aDWCL-Main lib.
_cOC
082 _22010 edition
_aFil. 657.45 R786c 2010
100 _aRoque, Gerardo S.
245 _aCPA examination reviewer : auditing problems /
250 _a2010 edition
260 _aManila:
_bGIC Enterprises & Co., Inc.,
_cc2010.
300 _aiv,
_b869 p. ;
_c22 cm.
650 _a1. Auditing-Problems, exercises, etc.
650 _a2. Auditing-Examinations, questions, etc.
942 _2ddc
_n0
_cBK - FIL
_e2010 edition
_kFil.
999 _c2792
_d2792